00382nam a2200133Ia 4500008004100000020002200041082001600063100001600079245008000095250000800175260003900183300001100222600001500233250916s9999 xx 000 0 und d a978-1-64201-150-0 a658.401 BUT aButow, Eric 0aEntrepreneur grow your business:bscale your business for long term success a1st aIrvine:bEntrepreneur Press,c2023 a163 p. aManagement